[Event "Specialiste-Tch"]
[Site "Montreal CAN"]
[Date "1987.02.05"]
[Round "1"]
[White "Leveille, Francois"]
[Black "Bolduc, Steve"]
[Result "1/2-1/2"]
[WhiteElo "2247"]
[BlackElo "2185"]
[PlyCount "52"]
[GameId "2160767912650190"]
[EventDate "1987.02.05"]
[EventType "team"]
[EventRounds "5"]
[EventCountry "CAN"]
[SourceTitle "hb 2011"]

1. e4 e5 2. Nf3 Nc6 3. Bb5 Nf6 4. O-O d6 5. d4 Bd7 6. Nc3 exd4 7. Nxd4 Be7 8. Bxc6 bxc6 9. Qd3 O-O 10. Bg5 c5 11. Nf3 Be6 12. Rfe1 h6 13. Bh4 Nd7 14. Bxe7 Qxe7 15. e5 Nb6 16. exd6 cxd6 17. Rad1 Rfd8 18. b3 Rac8 19. Qe3 d5 20. Qe5 d4 21. Ne4 Rd5 22. Qg3 Rcd8 23. Ne5 Rc8 24. c4 dxc3 25. Rxd5 Nxd5 26. Nxc3 Nb6 1/2-1/2

[Event "Specialiste-Tch"]
[Site "Montreal CAN"]
[Date "1987.02.12"]
[Round "2"]
[White "Bolduc, Steve"]
[Black "Dupuis, Stephane"]
[Result "0-1"]
[WhiteElo "2185"]
[BlackElo "2084"]
[PlyCount "44"]
[GameId "2160767912650191"]
[EventDate "1987.02.05"]
[EventType "team"]
[EventRounds "5"]
[EventCountry "CAN"]
[SourceTitle "hb 2011"]

1. d4 f5 2. g3 Nf6 3. Bg2 d6 4. d5 g6 5. Nh3 Bg7 6. Nf4 O-O 7. h4 Qe8 8. c4 c5 9. Nc3 Na6 10. Bd2 Nc7 11. a4 a6 12. h5 Nxh5 13. Nxh5 gxh5 14. Bf4 e5 15. dxe6 Bxe6 16. Qxd6 Bxc4 17. Bf3 Ne6 18. Nd5 Rd8 19. Ne7+ Kh8 20. Bxh5 Rxd6 21. Bxe8 Nxf4 22. gxf4 Rxe8 0-1

[Event "Specialiste-Tch"]
[Site "Montreal CAN"]
[Date "1987.02.19"]
[Round "3"]
[White "Lake, Perry"]
[Black "Bolduc, Steve"]
[Result "1/2-1/2"]
[WhiteElo "2098"]
[BlackElo "2185"]
[PlyCount "66"]
[GameId "2160767912650194"]
[EventDate "1987.02.05"]
[EventType "team"]
[EventRounds "5"]
[EventCountry "CAN"]
[SourceTitle "hb 2011"]

1. e4 d5 2. exd5 Qxd5 3. Nc3 Qa5 4. d4 Nf6 5. Bc4 Bf5 6. Nf3 e6 7. O-O c6 8. Re1 Nbd7 9. a3 Be7 10. h3 a6 11. Nh4 Bg6 12. Nxg6 hxg6 13. Bf4 Nd5 14. Bd2 Qb6 15. Bxd5 cxd5 16. Nxd5 exd5 17. Bb4 O-O 18. Rxe7 Qc6 19. Rxd7 Qxd7 20. Bxf8 Rxf8 21. Qd3 Re8 22. c4 dxc4 23. Qxc4 Rc8 24. Qd3 Qd5 25. Rd1 g5 26. Qf3 Qxf3 27. gxf3 Kf8 28. Rd2 Ke7 29. Kg2 Rc1 30. Kg3 Rg1+ 31. Kh2 Re1 32. Kg3 Rg1+ 33. Kh2 Re1 1/2-1/2

[Event "Specialiste-Tch"]
[Site "Montreal CAN"]
[Date "1987.02.26"]
[Round "4"]
[White "Bolduc, Steve"]
[Black "Desforges, Jean"]
[Result "1/2-1/2"]
[WhiteElo "2185"]
[BlackElo "2096"]
[PlyCount "100"]
[GameId "2160767912650195"]
[EventDate "1987.02.05"]
[EventType "team"]
[EventRounds "5"]
[EventCountry "CAN"]
[SourceTitle "hb 2011"]

1. d4 Nf6 2. Nf3 e6 3. c4 b6 4. a3 Bb7 5. Nc3 d5 6. cxd5 exd5 7. g3 Be7 8. Qa4+ c6 9. Bg2 Nbd7 10. O-O O-O 11. Bf4 c5 12. Rad1 Re8 13. Qc2 a6 14. Rfe1 c4 15. Ne5 b5 16. e4 dxe4 17. Nxe4 Bxe4 18. Bxe4 Nxe4 19. Qxe4 Nf6 20. Qb7 Qd5 21. Nc6 Bf8 22. Be5 Rac8 23. Bxf6 Qxc6 24. Qxc6 Rxe1+ 25. Rxe1 Rxc6 26. Be5 Re6 27. Rd1 f6 28. Bc7 Re2 29. d5 Rxb2 30. d6 c3 31. d7 Be7 32. Re1 c2 33. Kg2 c1=Q 34. Rxc1 Rd2 35. d8=Q+ Bxd8 36. Bxd8 Rxd8 37. Rc6 Ra8 38. Rc7 a5 39. Rb7 b4 40. axb4 a4 41. Rc7 Rb8 42. Rc4 Rb5 43. Kf3 Kf7 44. Ke3 Ke6 45. Kd3 Rf5 46. f4 Rd5+ 47. Kc3 Rd1 48. Kb2 Rd3 49. Rc7 Rb3+ 50. Ka2 g6 1/2-1/2

[Event "Specialiste op"]
[Site "Montreal CAN"]
[Date "1987.01.24"]
[Round "2"]
[White "Poitras, Luc"]
[Black "Bolduc, Steve"]
[Result "1-0"]
[WhiteElo "1800"]
[BlackElo "2196"]
[PlyCount "83"]
[GameId "2160767912650216"]
[EventDate "1987.01.23"]
[EventType "swiss"]
[EventRounds "5"]
[EventCountry "CAN"]
[SourceTitle "Echec-o-roi #7"]

1. Nf3 Nf6 2. b3 d6 3. d4 c5 4. e3 Bg4 5. Be2 a6 6. c4 e6 7. O-O Nbd7 8. Bb2 Be7 9. Nc3 O-O 10. Qd2 Rb8 11. Rfd1 Qc7 12. Rac1 Rfd8 13. Ne1 Bf5 14. f3 cxd4 15. exd4 b6 16. Bd3 Bxd3 17. Nxd3 Qa7 18. a4 Rbc8 19. Ba3 Nb8 20. Qe3 Re8 21. Re1 Nc6 22. g3 Na5 23. Rb1 Bf8 24. g4 h6 25. h4 g6 26. g5 Nh5 27. Kg2 Qc7 28. Nf4 Nxf4+ 29. Qxf4 d5 30. Qxc7 Rxc7 31. Nxd5 Bxa3 32. Nxc7 Rd8 33. d5 exd5 34. Nxd5 b5 35. axb5 axb5 36. Ra1 b4 37. Rad1 Kg7 38. Rd3 Nc6 39. Rde3 Nd4 40. Re8 Rd6 41. Rb8 Ne6 42. f4 1-0

[Event "Winter Knights I"]
[Site "Montreal CAN"]
[Date "1986.11.02"]
[Round "1"]
[White "Bolduc, Steve"]
[Black "Kleinplatz, Sam"]
[Result "1/2-1/2"]
[WhiteElo "2169"]
[BlackElo "2198"]
[PlyCount "120"]
[GameId "2160767912650684"]
[EventDate "1986.11.02"]
[EventType "tourn"]
[EventRounds "9"]
[EventCountry "CAN"]
[SourceTitle "hb 2011"]

1. d4 d5 2. Nf3 Nc6 3. g3 Bg4 4. Bg2 e6 5. O-O Bd6 6. c4 dxc4 7. e4 e5 8. d5 Nd4 9. Be3 Bxf3 10. Bxf3 Nxf3+ 11. Qxf3 Nf6 12. a4 a6 13. Na3 Bxa3 14. Rxa3 Nd7 15. Qg4 Nf6 16. Qf5 O-O 17. Rc1 b5 18. axb5 axb5 19. Rxa8 Qxa8 20. Qxe5 Re8 21. Qxc7 Nxe4 22. d6 Rc8 23. Rd1 h6 24. Bb6 Rxc7 25. dxc7 Kh7 26. Rd8 Qc6 27. c8=Q Qxb6 28. Rh8+ Kg6 29. Qg4+ Ng5 30. h4 Qe6 31. Qd1 Ne4 32. Qd4 Qf5 33. Kg2 Nc5 34. Rb8 Nd3 35. Rb6+ Kh7 36. Rd6 Ne1+ 37. Kf1 Nf3 38. Qd5 Ne5 39. Kg2 f6 40. Rd8 Kg6 41. Rb8 Nd3 42. h5+ Qxh5 43. Qxh5+ Kxh5 44. Rxb5+ g5 45. f3 Kg6 46. Kf1 h5 47. Ke2 h4 48. gxh4 gxh4 49. Kf1 f5 50. b3 cxb3 51. Rxb3 Nf4 52. Kf2 Kg5 53. Rb8 Ng6 54. Ke3 h3 55. Kf2 f4 56. Rb5+ Kh6 57. Kg1 Nh4 58. Rb3 Kg5 59. Kh2 Ng6 60. Kxh3 Ne5 1/2-1/2

[Event "Winter Knights I"]
[Site "Montreal CAN"]
[Date "1986.11.06"]
[Round "2"]
[White "Ibrahim, Anthony"]
[Black "Bolduc, Steve"]
[Result "0-1"]
[WhiteElo "2025"]
[BlackElo "2169"]
[PlyCount "78"]
[GameId "2160767912650690"]
[EventDate "1986.11.02"]
[EventType "tourn"]
[EventRounds "9"]
[EventCountry "CAN"]
[SourceTitle "hb 2011"]

1. d4 Nf6 2. c4 e6 3. Nf3 b6 4. a3 d5 5. Nc3 Bb7 6. cxd5 exd5 7. Bg5 Be7 8. e3 O-O 9. Bd3 Nbd7 10. O-O Ne4 11. Bxe7 Qxe7 12. Qc2 g6 13. Rad1 Rfc8 14. Qb3 c6 15. Rfe1 a5 16. Nd2 Nxc3 17. bxc3 c5 18. c4 a4 19. Qa2 Nf6 20. e4 cxd4 21. exd5 Qc5 22. Rb1 Re8 23. Red1 Ba6 24. f3 Re3 25. Qc2 Qxa3 26. Nf1 Nxd5 27. Nxe3 Nxe3 28. Qc1 Qc5 29. Rd2 a3 30. Kh1 Bxc4 31. Ra1 Bxd3 32. Qxc5 bxc5 33. Rxd3 Nc2 34. Ra2 c4 35. Rd1 Nb4 36. Raa1 d3 37. Kg1 c3 38. Kf2 c2 39. Rd2 a2 0-1

[Event "Winter Knights I"]
[Site "Montreal CAN"]
[Date "1986.11.09"]
[Round "3"]
[White "Bolduc, Steve"]
[Black "Roos, Celine"]
[Result "1-0"]
[WhiteElo "2169"]
[BlackElo "2075"]
[PlyCount "97"]
[GameId "2160767912650693"]
[EventDate "1986.11.02"]
[EventType "tourn"]
[EventRounds "9"]
[EventCountry "CAN"]
[SourceTitle "hb 2011"]

1. d4 Nf6 2. c4 e6 3. Nf3 b6 4. a3 Ba6 5. Qa4 Bb7 6. Nc3 Be7 7. Bg5 c5 8. e3 Bxf3 9. gxf3 cxd4 10. exd4 O-O 11. O-O-O d5 12. h4 Nbd7 13. Kb1 a6 14. cxd5 Nxd5 15. Nxd5 exd5 16. Bd3 Nf6 17. h5 b5 18. Qb3 b4 19. a4 Qd7 20. Rde1 Rab8 21. Bc2 Rfc8 22. Re5 Qd6 23. Rg1 Rc3 24. Bxf6 Bxf6 25. Rxd5 Qc7 26. bxc3 bxc3 27. Rb5 axb5 28. axb5 Qa5 29. Bd3 Bxd4 30. Rg4 Bf6 31. Re4 Qa1+ 32. Kc2 Ra8 33. Bc4 Qa7 34. b6 Qd7 35. Bd5 Rb8 36. b7 h6 37. Qc4 Rxb7 38. Bxb7 Qd2+ 39. Kb3 Qb2+ 40. Ka4 Qa1+ 41. Kb5 Qb2+ 42. Ka6 Qa1+ 43. Qa4 Qf1+ 44. Rc4 Kh7 45. Be4+ g6 46. hxg6+ fxg6 47. Qd7+ Bg7 48. Qe6 Qa1+ 49. Kb7 1-0

[Event "Winter Knights I"]
[Site "Montreal CAN"]
[Date "1986.11.13"]
[Round "4"]
[White "Bolduc, Steve"]
[Black "Morin, Yves"]
[Result "0-1"]
[WhiteElo "2169"]
[BlackElo "2238"]
[PlyCount "92"]
[GameId "2160767912650696"]
[EventDate "1986.11.02"]
[EventType "tourn"]
[EventRounds "9"]
[EventCountry "CAN"]
[SourceTitle "hb 2011"]

1. d4 d5 2. c4 Nc6 3. Bf4 Nf6 4. Nc3 a6 5. e3 Bf5 6. Nf3 e6 7. Rc1 Bb4 8. a3 Bd6 9. Bg5 Be7 10. Be2 Ne4 11. Nxe4 Bxe4 12. Bxe7 Nxe7 13. O-O Bxf3 14. Bxf3 c6 15. e4 O-O 16. Re1 Qd7 17. Rc3 dxc4 18. Rxc4 Rad8 19. a4 b5 20. axb5 cxb5 21. Rc5 Qxd4 22. Qxd4 Rxd4 23. Rc7 Ng6 24. Ra1 Rfd8 25. h3 Rd2 26. b4 Rb2 27. Rxa6 Rxb4 28. Rb6 h6 29. Rc5 Rb1+ 30. Kh2 b4 31. Rc4 Rf1 32. Rc2 Rd4 33. Rb2 Ne5 34. Kg3 Rd3 35. R6xb4 Nxf3 36. gxf3 Rg1+ 37. Kf4 f6 38. e5 f5 39. Rb8+ Kf7 40. R8b7+ Kg8 41. Rb8+ Kh7 42. R2b7 Re1 43. Re7 Rd4+ 44. Kg3 f4+ 45. Kg2 Rdd1 46. h4 h5 0-1

[Event "Winter Knights I"]
[Site "Montreal CAN"]
[Date "1986.11.16"]
[Round "5"]
[White "Leveille, Francois"]
[Black "Bolduc, Steve"]
[Result "1-0"]
[WhiteElo "2255"]
[BlackElo "2169"]
[PlyCount "59"]
[GameId "2160767912650701"]
[EventDate "1986.11.02"]
[EventType "tourn"]
[EventRounds "9"]
[EventCountry "CAN"]
[SourceTitle "hb 2011"]

1. e4 e6 2. d4 d5 3. Nd2 dxe4 4. Nxe4 Nf6 5. Bg5 Be7 6. Bxf6 gxf6 7. Nf3 Nd7 8. Bc4 c5 9. Qe2 Qa5+ 10. c3 cxd4 11. Nxd4 Ne5 12. Bb5+ Bd7 13. f4 Nc6 14. Nf5 a6 15. Nxe7 Kxe7 16. Bc4 Nd4 17. Qf2 Nf5 18. O-O-O Bc6 19. Nd2 Qc7 20. Rhe1 b6 21. g4 Nd6 22. f5 Rhg8 23. fxe6 Nxc4 24. Nxc4 Rad8 25. Rxd8 Rxd8 26. g5 Re8 27. Qxf6+ Kf8 28. Qh8+ Ke7 29. exf7+ Kxf7 30. Qxh7+ 1-0

[Event "Winter Knights I"]
[Site "Montreal CAN"]
[Date "1986.11.20"]
[Round "6"]
[White "Bolduc, Steve"]
[Black "Desforges, Jean"]
[Result "0-1"]
[WhiteElo "2169"]
[BlackElo "1980"]
[PlyCount "152"]
[GameId "2160767912650703"]
[EventDate "1986.11.02"]
[EventType "tourn"]
[EventRounds "9"]
[EventCountry "CAN"]
[SourceTitle "hb 2011"]

1. d4 d5 2. Nf3 e6 3. c4 Nf6 4. Bg5 Be7 5. Nc3 O-O 6. e3 Nbd7 7. Rc1 c6 8. Bd3 dxc4 9. Bxc4 Nd5 10. Bxe7 Qxe7 11. Ne4 N5b6 12. Bb3 e5 13. O-O exd4 14. Qxd4 Nf6 15. Nxf6+ Qxf6 16. Qxf6 gxf6 17. Rfd1 Be6 18. Nd4 Bd5 19. Bxd5 Nxd5 20. e4 Ne7 21. Nb3 Rfd8 22. Nc5 b6 23. Nb7 Rxd1+ 24. Rxd1 Kf8 25. Rd7 Ke8 26. Rc7 Kf8 27. f4 Rc8 28. Rd7 Ke8 29. Rd3 Kf8 30. Ra3 Rc7 31. Nd6 Rd7 32. Nc4 Rd4 33. Ne3 Rxe4 34. g3 a5 35. Rd3 Rb4 36. Rd2 a4 37. Kf2 Nd5 38. Nf5 Rc4 39. Ke2 b5 40. Nd4 Rc1 41. Nxc6 Nxf4+ 42. gxf4 Rxc6 43. Ke3 Rc4 44. Rd4 Rc2 45. Rb4 Rxh2 46. Rxb5 a3 47. bxa3 Rh3+ 48. Ke4 Rxa3 49. Rh5 Kg7 50. Rh2 Ra4+ 51. Kf5 Ra5+ 52. Kg4 Kg6 53. f5+ Kg7 54. Rg2 Kf8 55. Rh2 Ra4+ 56. Kf3 h5 57. Ke3 h4 58. Kd3 Ke7 59. Kc3 Kd6 60. Kb3 Re4 61. a4 Ke5 62. a5 Kxf5 63. a6 Kg4 64. Rg2+ Kf3 65. a7 Re8 66. Rg7 f5 67. Rxf7 f4 68. Rh7 Ra8 69. Kb4 Kg3 70. Kc4 f3 71. Kd3 f2 72. Rg7+ Kf3 73. Rf7+ Kg2 74. Rg7+ Kf1 75. Rf7 h3 76. Rh7 h2 0-1

[Event "Winter Knights I"]
[Site "Montreal CAN"]
[Date "1986.11.23"]
[Round "7"]
[White "Gagnon, Michel"]
[Black "Bolduc, Steve"]
[Result "1/2-1/2"]
[WhiteElo "2085"]
[BlackElo "2169"]
[PlyCount "100"]
[GameId "2160767912650704"]
[EventDate "1986.11.02"]
[EventType "tourn"]
[EventRounds "9"]
[EventCountry "CAN"]
[SourceTitle "hb 2011"]

1. e4 Nf6 2. e5 Nd5 3. d4 d6 4. Nf3 Bg4 5. Be2 e6 6. O-O Be7 7. c4 Nb6 8. Nc3 O-O 9. h3 Bh5 10. Bf4 d5 11. c5 Nc4 12. b3 Na5 13. Rc1 b6 14. Na4 Nbc6 15. Qd2 Bxf3 16. Bxf3 b5 17. Nc3 a6 18. Bg4 Qd7 19. Rfe1 Rae8 20. Qe3 Nb7 21. Rcd1 Nbd8 22. Qg3 Kh8 23. Bh5 b4 24. Ne2 Rg8 25. Bg5 Ref8 26. Bxe7 Nxe7 27. Qd3 Ndc6 28. Bg4 a5 29. h4 Ra8 30. Qh3 a4 31. h5 axb3 32. axb3 Rgb8 33. Rd3 Ng8 34. Ng3 Nh6 35. Rf1 Ne7 36. f4 Nef5 37. Bxf5 exf5 38. Qh4 Ra2 39. Qg5 Rba8 40. Re1 Qe6 41. Nf1 Ng4 42. Rf3 h6 43. Qh4 Kh7 44. Ne3 Nxe3 45. Rexe3 Rd2 46. Rd3 Ra1+ 47. Kh2 Rad1 48. Rxd2 Rxd2 49. Qd8 c6 50. Qf8 g5 1/2-1/2

[Event "Winter Knights I"]
[Site "Montreal CAN"]
[Date "1986.11.27"]
[Round "8"]
[White "Bolduc, Steve"]
[Black "Lake, Perry"]
[Result "0-1"]
[WhiteElo "2169"]
[BlackElo "2110"]
[PlyCount "56"]
[GameId "2160767912650705"]
[EventDate "1986.11.02"]
[EventType "tourn"]
[EventRounds "9"]
[EventCountry "CAN"]
[SourceTitle "hb 2011"]

1. d4 Nf6 2. c4 c5 3. d5 b5 4. Nf3 g6 5. a4 b4 6. b3 Bg7 7. Bb2 O-O 8. Nbd2 d6 9. e4 e5 10. dxe6 fxe6 11. e5 dxe5 12. Nxe5 Bb7 13. Ndf3 Qc7 14. Bd3 Nc6 15. Qc2 Nh5 16. Ng4 Rxf3 17. gxf3 Nd4 18. Bxd4 Bxd4 19. Ra2 Bxf3 20. Be4 Bxh1 21. Bxh1 Rf8 22. Be4 Qf4 23. f3 Qg5 24. Kd1 Rd8 25. Ke2 Nf4+ 26. Kf1 h5 27. Nf2 Qg2+ 28. Ke1 Qg1+ 0-1

[Event "Winter Knights I"]
[Site "Montreal CAN"]
[Date "1986.11.30"]
[Round "9"]
[White "Dupuis, Stephane"]
[Black "Bolduc, Steve"]
[Result "1-0"]
[WhiteElo "2059"]
[BlackElo "2169"]
[PlyCount "71"]
[GameId "2160767912650706"]
[EventDate "1986.11.02"]
[EventType "tourn"]
[EventRounds "9"]
[EventCountry "CAN"]
[SourceTitle "hb 2011"]

1. e4 Nf6 2. e5 Nd5 3. d4 d6 4. Nf3 Bg4 5. Be2 e6 6. O-O Be7 7. c4 Nb6 8. Nc3 O-O 9. Be3 d5 10. c5 Bxf3 11. gxf3 Nc8 12. f4 Bh4 13. f5 Ne7 14. Bd3 Nxf5 15. Bxf5 exf5 16. Qf3 c6 17. Qxf5 Na6 18. Kh1 g6 19. Rg1 Nc7 20. Ne2 Ne6 21. f4 Ng7 22. Qh3 f5 23. b4 Be7 24. Bd2 b6 25. Rg3 a5 26. Qh6 Rf7 27. Rag1 Bf8 28. Rh3 Ne8 29. Rxg6+ Kh8 30. Qh5 axb4 31. Rxc6 Rg7 32. Qxf5 Nc7 33. cxb6 Rxa2 34. bxc7 Rxd2 35. Rc1 Rxc7 36. Rxc7 1-0

[Event "Ste-Therese op"]
[Site "Ste-Therese CAN"]
[Date "1986.11.01"]
[Round "1"]
[White "Arsenault, Michel"]
[Black "Bolduc, Steve"]
[Result "1/2-1/2"]
[WhiteElo "1876"]
[BlackElo "2232"]
[PlyCount "100"]
[GameId "2160767912650707"]
[EventDate "1986.11.01"]
[EventType "swiss"]
[EventRounds "4"]
[EventCountry "CAN"]
[SourceTitle "hb 2011"]

1. e4 e5 2. Nf3 Nc6 3. Bb5 a6 4. Bxc6 dxc6 5. O-O Qd6 6. d4 exd4 7. Nxd4 Bd7 8. Be3 O-O-O 9. Nc3 Qg6 10. Qe2 Bb4 11. f3 Ne7 12. Qc4 c5 13. Nf5 Bxf5 14. exf5 Qxf5 15. Ne4 Nc6 16. c3 b5 17. Qe2 Ba5 18. a4 c4 19. b3 Rd3 20. b4 Bb6 21. Bxb6 Qd5 22. axb5 axb5 23. Bf2 Rd8 24. Nc5 Rd2 25. Qe4 Kb8 26. Ra6 Ne5 27. Rfa1 Rd1+ 28. Be1 Rxa1 29. Rxa1 f5 30. Qxd5 Rxd5 31. Kf2 Ng6 32. g3 f4 33. Ne4 Rd3 34. Nc5 Rd5 35. Ke2 Rh5 36. gxf4 Rxh2+ 37. Ke3 Ne7 38. Rd1 g6 39. Rd2 Rh1 40. Rd1 h5 41. Kf2 Rh2+ 42. Kf1 Nf5 43. Kg1 Rc2 44. Rd8+ Ka7 45. Bd2 Ra2 46. Ne4 Ra1+ 47. Kg2 Nh4+ 48. Kg3 Nf5+ 49. Kf2 Rh1 50. Kg2 Rd1 1/2-1/2

[Event "Ste-Therese op"]
[Site "Ste-Therese CAN"]
[Date "1986.11.01"]
[Round "2"]
[White "Bolduc, Steve"]
[Black "Gaudreau, Alain"]
[Result "1-0"]
[WhiteElo "2232"]
[BlackElo "1822"]
[PlyCount "73"]
[GameId "2160767912650710"]
[EventDate "1986.11.01"]
[EventType "swiss"]
[EventRounds "4"]
[EventCountry "CAN"]
[SourceTitle "hb 2011"]

1. d4 Nf6 2. c4 g6 3. g3 Bg7 4. Bg2 c6 5. e4 d6 6. Nc3 O-O 7. Nge2 e5 8. O-O Qa5 9. d5 cxd5 10. cxd5 Na6 11. a3 b5 12. Na2 Bd7 13. b4 Qb6 14. Be3 Qb7 15. f3 Rfc8 16. Nec1 Rc7 17. Nb3 Qc8 18. Qd3 Bh3 19. Rfc1 Bxg2 20. Kxg2 Qd7 21. Nc3 Rb8 22. Na5 Rcc8 23. Nc6 Rb7 24. Nxb5 Nc7 25. Nxc7 Rcxc7 26. Na5 Rb8 27. Rxc7 Qxc7 28. Rc1 Qd7 29. Qa6 h5 30. Qxa7 Qb5 31. Qc7 Qe2+ 32. Bf2 Rf8 33. Qc2 Qb5 34. Qc4 Qa4 35. Qb3 Qd7 36. b5 h4 37. b6 1-0

[Event "Ste-Therese op"]
[Site "Ste-Therese CAN"]
[Date "1986.11.02"]
[Round "3"]
[White "Ber, Yves"]
[Black "Bolduc, Steve"]
[Result "1-0"]
[WhiteElo "2002"]
[BlackElo "2232"]
[PlyCount "65"]
[GameId "2160767912650713"]
[EventDate "1986.11.01"]
[EventType "swiss"]
[EventRounds "4"]
[EventCountry "CAN"]
[SourceTitle "hb 2011"]

1. d4 d5 2. c4 e6 3. Nf3 Nf6 4. g3 Nbd7 5. Bg2 c6 6. b3 Bb4+ 7. Bd2 Bd6 8. Bf4 Qa5+ 9. Nfd2 Be7 10. Bf3 Nf8 11. O-O Ng6 12. Qc2 Nxf4 13. gxf4 h5 14. Nc3 Bd7 15. e3 h4 16. c5 Nh5 17. Kh1 O-O-O 18. Rab1 Qc7 19. Bxh5 Rxh5 20. b4 g5 21. b5 gxf4 22. b6 axb6 23. Rxb6 e5 24. Rfb1 Bf5 25. e4 dxe4 26. Rxb7 Qxb7 27. Rxb7 e3 28. Qb2 exd2 29. Qb6 Be4+ 30. f3 Bxf3+ 31. Kg1 Rg8+ 32. Kf2 Bd8 33. Qa7 1-0

[Event "Specialiste-Tch"]
[Site "Montreal CAN"]
[Date "1986.02.13"]
[Round "1"]
[White "Fraser, Michel"]
[Black "Bolduc, Steve"]
[Result "1-0"]
[WhiteElo "2108"]
[BlackElo "2130"]
[PlyCount "100"]
[GameId "2160767912650838"]
[EventDate "1986.09.18"]
[EventType "team"]
[EventRounds "5"]
[EventCountry "CAN"]
[SourceTitle "hb 2011"]

1. d4 Nf6 2. Nf3 g6 3. c4 Bg7 4. Nc3 O-O 5. e4 d6 6. Be2 e5 7. dxe5 dxe5 8. O-O c6 9. Qc2 Qc7 10. b3 Re8 11. Bb2 Bg4 12. Rfd1 Nbd7 13. Ng5 h6 14. Bxg4 hxg5 15. Bxd7 Nxd7 16. Qd2 Nf8 17. Qxg5 Ne6 18. Qg4 Bf6 19. Ne2 Rad8 20. g3 Qa5 21. Rxd8 Rxd8 22. Bc3 Qc7 23. Nf4 Nc5 24. Ng2 Rd3 25. Rc1 Qd8 26. h4 Bg7 27. Qe2 a5 28. Ne1 Rd7 29. Kg2 f6 30. Rc2 Kf7 31. h5 g5 32. f3 Qh8 33. Rd2 Qxh5 34. Rxd7+ Nxd7 35. Bxa5 Bf8 36. Qd1 Ke8 37. Nc2 g4 38. fxg4 Qh7 39. Qf3 Be7 40. Ne3 Nc5 41. Nf5 Ne6 42. Bd2 Bc5 43. Bc1 Qd7 44. Bh6 b5 45. cxb5 cxb5 46. Qe2 Ng5 47. Bxg5 fxg5 48. Qc2 Bb6 49. a4 bxa4 50. bxa4 Ba5 1-0

[Event "Specialiste-Tch"]
[Site "Montreal CAN"]
[Date "1986.02.20"]
[Round "2"]
[White "Bolduc, Steve"]
[Black "Morin, Yves"]
[Result "0-1"]
[WhiteElo "2130"]
[BlackElo "2165"]
[PlyCount "100"]
[GameId "2160767912650839"]
[EventDate "1986.09.18"]
[EventType "team"]
[EventRounds "5"]
[EventCountry "CAN"]
[SourceTitle "hb 2011"]

1. d4 Nf6 2. Nf3 e6 3. c4 b6 4. a3 Be7 5. Nc3 Bb7 6. Bf4 d6 7. e3 O-O 8. Bd3 Nbd7 9. e4 c5 10. e5 dxe5 11. dxe5 Nh5 12. Be3 g6 13. Ne4 Qc7 14. g4 Ng7 15. Bf4 Rad8 16. Qc1 Bxe4 17. Bxe4 Nb8 18. Bg3 Nc6 19. Qh6 Nd4 20. h4 Nxf3+ 21. Bxf3 Rd3 22. Be2 Rxg3 23. fxg3 Qxe5 24. Qf4 Qxb2 25. Rd1 Bf6 26. Rd7 Be5 27. Qf3 h5 28. gxh5 Nxh5 29. Rg1 Bc3+ 30. Kf1 Bd4 31. Rg2 Qc1+ 32. Bd1 Qxc4+ 33. Be2 Qa4 34. Rb7 Nf6 35. Bd1 Qc4+ 36. Re2 Nd5 37. Kg2 Qc1 38. Re1 Ne3+ 39. Kh3 Qc3 40. Rh1 Be5 41. Ba4 Qd4 42. Be8 Nf5 43. Rd1 Qb2 44. Rd8 Kh7 45. Rdd7 Bxg3 46. Rxf7+ Rxf7 47. Rxf7+ Kg8 48. Qb7 Qh2+ 49. Kg4 Qxh4+ 50. Kf3 Qf4+ 0-1

[Event "Specialiste-Tch"]
[Site "Montreal CAN"]
[Date "1986.02.27"]
[Round "3"]
[White "Leveille, Francois"]
[Black "Bolduc, Steve"]
[Result "0-1"]
[WhiteElo "2297"]
[BlackElo "2130"]
[PlyCount "78"]
[GameId "2160767912650840"]
[EventDate "1986.09.18"]
[EventType "team"]
[EventRounds "5"]
[EventCountry "CAN"]
[SourceTitle "hb 2011"]

1. d4 Nf6 2. c4 d6 3. Nf3 Nbd7 4. g3 c6 5. Bg2 e5 6. O-O Be7 7. Nc3 O-O 8. e4 Re8 9. h3 a6 10. d5 Nc5 11. Re1 cxd5 12. cxd5 a5 13. a4 b6 14. Bf1 Ba6 15. Bxa6 Rxa6 16. Kg2 Ra8 17. b3 Nfd7 18. Be3 Rf8 19. Qb1 g6 20. Bh6 f5 21. Bxf8 Qxf8 22. Nd2 Qh6 23. Ra2 Bg5 24. Nc4 f4 25. Nxd6 f3+ 26. Kh2 Bd2 27. Ndb5 Bxe1 28. Qxe1 Nf6 29. h4 Rf8 30. Nd6 Nd3 31. Qd2 Ng4+ 32. Kg1 Nf4 33. Nc4 g5 34. d6 gxh4 35. gxf4 h3 36. Kh1 h2 37. Qd5+ Kh8 38. Nd1 Qg7 39. Qd2 Ne3 0-1

[Event "Specialiste-Tch2"]
[Site "Montreal CAN"]
[Date "1986.09.25"]
[Round "1"]
[White "Dupuis, Stephane"]
[Black "Bolduc, Steve"]
[Result "1-0"]
[WhiteElo "2044"]
[BlackElo "2285"]
[PlyCount "91"]
[GameId "2160767912650850"]
[EventDate "1986.09.18"]
[EventType "team"]
[EventRounds "5"]
[EventCountry "CAN"]
[SourceTitle "hb 2011"]

1. e4 c6 2. d4 d5 3. Nd2 dxe4 4. Nxe4 Nd7 5. Bc4 Ngf6 6. Ng5 e6 7. Qe2 Nb6 8. Bd3 h6 9. N5f3 c5 10. dxc5 Bxc5 11. Ne5 O-O 12. Ngf3 Nbd5 13. O-O b6 14. a3 a5 15. Rd1 Qc7 16. c4 Ne7 17. Bf4 Nh5 18. Bd2 Bb7 19. Ng5 hxg5 20. Qxh5 Nf5 21. Bc3 f6 22. Bxf5 Bxf2+ 23. Kh1 exf5 24. Rd7 Qxd7 25. Nxd7 Rf7 26. Rd1 f4 27. Nxf6+ gxf6 28. Qg6+ Kf8 29. Rf1 Rd8 30. Bxf6 f3 31. Qh6+ Ke8 32. Qh8+ Rf8 33. Qh5+ Rf7 34. gxf3 Rd2 35. Bxg5 Re2 36. Rxf2 Rxf2 37. Qh8+ Rf8 38. Qe5+ Kf7 39. Qe7+ Kg8 40. Qxb7 R8xf3 41. Qxb6 Rf1+ 42. Kg2 a4 43. h4 Rf7 44. Qd8+ Kg7 45. Qd4+ Kg8 46. c5 1-0

[Event "Specialiste-Tch2"]
[Site "Montreal CAN"]
[Date "1986.10.02"]
[Round "2"]
[White "Kleinplatz, Sam"]
[Black "Bolduc, Steve"]
[Result "0-1"]
[WhiteElo "2187"]
[BlackElo "2285"]
[PlyCount "100"]
[GameId "2160767912650853"]
[EventDate "1986.09.18"]
[EventType "team"]
[EventRounds "5"]
[EventCountry "CAN"]
[SourceTitle "hb 2011"]

1. e4 c5 2. Nf3 e6 3. d4 cxd4 4. Nxd4 Nf6 5. Bd3 Nc6 6. Be3 d5 7. Nd2 e5 8. N4b3 Ng4 9. exd5 Nxe3 10. fxe3 Qxd5 11. Be4 Qd6 12. Qf3 Be6 13. O-O-O Qc7 14. Nb1 Be7 15. Nc3 O-O 16. Bd5 Qc8 17. Bxe6 Qxe6 18. e4 Rac8 19. Nd5 a5 20. a4 Nb4 21. Nxb4 axb4 22. Rd5 Qc6 23. Qd3 Qxa4 24. h4 Rc7 25. g3 Qa7 26. Rd7 Rxd7 27. Qxd7 Bf6 28. Qd3 Rc8 29. Rf1 Qa6 30. Rd1 Qc6 31. Kb1 h6 32. Qe2 Rd8 33. Rd3 Rxd3 34. cxd3 b5 35. Qe3 Bd8 36. d4 exd4 37. Qxd4 Be7 38. Qd5 Qg6 39. Nd4 Qxg3 40. Nf5 Qg1+ 41. Ka2 Qa7+ 42. Kb1 Bf8 43. h5 Qc5 44. Qd1 Qc4 45. Qg4 b3 46. Qg2 Kh7 47. Nh4 Bc5 48. Nf5 g6 49. hxg6+ fxg6 50. Qh1 gxf5 0-1

[Event "Specialiste-Tch2"]
[Site "Montreal CAN"]
[Date "1986.10.16"]
[Round "5"]
[White "Bolduc, Steve"]
[Black "Lake, Perry"]
[Result "1/2-1/2"]
[WhiteElo "2285"]
[BlackElo "2112"]
[PlyCount "100"]
[GameId "2160767912650859"]
[EventDate "1986.09.18"]
[EventType "team"]
[EventRounds "5"]
[EventCountry "CAN"]
[SourceTitle "hb 2011"]

1. d4 Nf6 2. c4 g6 3. Nf3 Bg7 4. g3 O-O 5. Bg2 d6 6. O-O Nbd7 7. Nc3 e5 8. e4 Re8 9. Re1 a5 10. h3 exd4 11. Nxd4 Nc5 12. Ndb5 Be6 13. b3 Qd7 14. e5 Nh5 15. g4 Bxe5 16. Rxe5 dxe5 17. Qxd7 Bxd7 18. Nxc7 Ng7 19. N3d5 Rad8 20. Nxe8 Bxe8 21. Bg5 Rb8 22. Be7 Nge6 23. Bd6 Rd8 24. Bxe5 Kf8 25. Bc3 a4 26. Ba5 Rc8 27. Nb6 Rb8 28. b4 Nd3 29. Rd1 Ndf4 30. Bf1 Ke7 31. b5 h5 32. Nd5+ Nxd5 33. cxd5 Nc5 34. Bc7 Ra8 35. d6+ Kf6 36. Rd5 Ne6 37. Bb6 Bd7 38. g5+ Kg7 39. Be3 Rc8 40. Bd3 Kf8 41. Kf1 Ng7 42. Ke2 Ke8 43. Be4 Nf5 44. Rd2 Bxb5+ 45. Kf3 Nxe3 46. Kxe3 Bc6 47. Rd4 Kd7 48. f3 Re8 49. Kf4 Bxe4 50. fxe4 b5 1/2-1/2